[Event "GER-chT North U14"]
[Site "Magdeburg"]
[Date "2013.09.15"]
[Round "7.2"]
[White "Karlisch, Moritz"]
[Black "Gohlke, Tobias"]
[Result "1-0"]
[WhiteElo "1485"]
[BlackElo "1146"]
[PlyCount "51"]
[EventDate "2013.09.12"]
[EventType "team-swiss"]
[EventRounds "7"]
[EventCountry "GER"]
[SourceTitle "EXT 2014"]
[Source "ChessBase"]
[SourceDate "2013.11.20"]
[SourceVersion "1"]
[SourceVersionDate "2013.11.20"]
[SourceQuality "1"]
[WhiteTeam "Kiel Doppelbauer"]
[BlackTeam "Ruedersdorf"]
[WhiteTeamCountry "GER"]
[BlackTeamCountry "GER"]

1. e4 e5 2. Nf3 Nc6 3. Bb5 a6 4. Ba4 Nf6 5. 0-0 Be7 6. c3 b5 7. Bb3 0-0 8. a4 Bb7 9. Re1 h6 10. d4 d6 11. Nbd2 Qd7 12. Nf1 Rfe8 13. Ng3 Bd8 14. Qd3 Na5 15. Bc2 c6 16. Nf5 Bc7 17. N3h4 c5 18. Qg3 Nh5 19. Qg4 Qe6 20. d5 Qf6 21. Qxh5 Bb6 22. Re3 c4 23. Rg3 g6 24. Nxg6 Kh7 25. Qxh6+ Kg8 26. Nge7# 1-0

[Event "GER-chT North U14"]
[Site "Magdeburg"]
[Date "2013.09.14"]
[Round "6.2"]
[White "Gohlke, Tobias"]
[Black "Falke, Janis"]
[Result "1-0"]
[WhiteElo "1146"]
[BlackElo "1255"]
[PlyCount "79"]
[EventDate "2013.09.12"]
[EventType "team-swiss"]
[EventRounds "7"]
[EventCountry "GER"]
[SourceTitle "EXT 2014"]
[Source "ChessBase"]
[SourceDate "2013.11.20"]
[SourceVersion "1"]
[SourceVersionDate "2013.11.20"]
[SourceQuality "1"]
[WhiteTeam "Ruedersdorf"]
[BlackTeam "Stendal"]
[WhiteTeamCountry "GER"]
[BlackTeamCountry "GER"]

1. d4 Nf6 2. c4 g6 3. Nc3 Bg7 4. Bg5 d6 5. Nf3 Nbd7 6. e3 0-0 7. Qc2 e5 8. Be2 Re8 9. 0-0 h6 10. Bh4 g5 11. Bg3 Nh5 12. Rad1 Nxg3 13. fxg3 h5 14. Qf5 g4 15. Nh4 Nf6 16. Qf2 c6 17. Bd3 Qc7 18. Nf5 e4 19. Nxg7 Kxg7 20. Qxf6+ Kg8 21. Bxe4 Re6 22. Qg5+ Kf8 23. Rf6 Qe7 24. Rdf1 Bd7 25. Rxf7+ Qxf7 26. Rxf7+ Kxf7 27. Qxh5+ Ke7 28. Qh7+ Kd8 29. Bf5 Re7 30. Qg6 Kc7 31. Qxg4 Bxf5 32. Qxf5 Rxe3 33. h4 Rxg3 34. c5 Rag8 35. cxd6+ Kb8 36. Qf2 b5 37. Ne4 Rd3 38. Kh2 Rg4 39. Qf8+ Kb7 40. Nc5+ 1-0

[Event "GER-chT North U14"]
[Site "Magdeburg"]
[Date "2013.09.12"]
[Round "1.2"]
[White "Gohlke, Tobias"]
[Black "Henning, Yannick"]
[Result "1/2-1/2"]
[WhiteElo "1146"]
[BlackElo "1576"]
[PlyCount "43"]
[EventDate "2013.09.12"]
[EventType "team-swiss"]
[EventRounds "7"]
[EventCountry "GER"]
[SourceTitle "EXT 2014"]
[Source "ChessBase"]
[SourceDate "2013.11.20"]
[SourceVersion "1"]
[SourceVersionDate "2013.11.20"]
[SourceQuality "1"]
[WhiteTeam "Ruedersdorf"]
[BlackTeam "Aurich"]
[WhiteTeamCountry "GER"]
[BlackTeamCountry "GER"]

1. d4 Nf6 2. Nc3 d5 3. Bg5 e6 4. Nf3 Nbd7 5. e3 c5 6. Bb5 a6 7. Be2 Qc7 8. 0-0 Bd6 9. Re1 b5 10. Rc1 Bb7 11. Nb1 Ne4 12. Bh4 Nb6 13. Nbd2 Na4 14. Rb1 c4 15. c3 a5 16. Qc2 Qd7 17. Ng5 Nxg5 18. Bxg5 b4 19. Bf3 Nb6 20. e4 0-0 21. Bg4 Be7 22. Bxe7 1/2-1/2

[Event "GER-chT North U14"]
[Site "Magdeburg"]
[Date "2012.09.08"]
[Round "5.2"]
[White "Hoppe, Michael"]
[Black "Gohlke, Tobias"]
[Result "1-0"]
[WhiteElo "1640"]
[BlackElo "1158"]
[PlyCount "91"]
[EventDate "2012.09.06"]
[EventType "team-swiss"]
[EventRounds "7"]
[EventCountry "GER"]
[SourceTitle "EXT 2015"]
[Source "ChessBase"]
[SourceDate "2014.11.20"]
[SourceVersion "1"]
[SourceVersionDate "2014.11.20"]
[SourceQuality "1"]
[WhiteTeam "Hagen"]
[BlackTeam "Ruedersdorf"]
[WhiteTeamCountry "GER"]
[BlackTeamCountry "GER"]

1. d4 d5 2. Bf4 Nc6 3. Nc3 a6 4. e3 Nf6 5. f3 Bf5 6. Bd3 e6 7. Nge2 Bd6 8. Qd2 Qe7 9. 0-0-0 0-0-0 10. Bxf5 exf5 11. Bg5 Bb4 12. Qd3 Qe6 13. Nf4 Qd7 14. Bxf6 gxf6 15. Ncxd5 Be7 16. Nxe7+ Nxe7 17. Qc4 Nd5 18. Nxd5 Qxd5 19. Qxd5 Rxd5 20. Rd3 Rhd8 21. Rhd1 Re8 22. c4 Rd6 23. g3 Rc6 24. Rc3 Rce6 25. Rdd3 Rd8 26. Kc2 Red6 27. b4 Kd7 28. c5 Rd5 29. e4 fxe4 30. fxe4 Rh5 31. h4 Ke7 32. d5 h6 33. Rf3 Re5 34. Rf4 h5 35. Rcf3 Rg8 36. Kd3 Rg6 37. Kd4 Rh6 38. a4 Rg6 39. b5 axb5 40. axb5 Rh6 41. b6 cxb6 42. cxb6 Rg6 43. Rc3 Rg8 44. Rc7+ Ke8 45. Rc8+ Ke7 46. Rxg8 1-0